000 nam a22 7a 4500
999 _c10344
_d10344
008 180215b ||||| |||| 00| 0 eng d
100 _aMohan, A
_96304
245 _aLiterature Reader English -VI
260 _aNew Delhi
_bPrachi Publication
_c2013